Gedeutet
| Main Author: | |
|---|---|
| Format: | Print Article |
| Language: | German |
| Check availability: | HBZ Gateway |
| Interlibrary Loan: | Interlibrary Loan for the Fachinformationsdienste (Specialized Information Services in Germany) |
| Published: |
2010
|
| In: |
Sondern erlöse uns von dem Bösen
Year: 2010, Pages: 18-21 |
| Parallel Edition: | Non-electronic
Non-electronic Non-electronic Non-electronic Non-electronic Non-electronic |
MARC
| LEADER | 00000naa a22000002c 4500 | ||
|---|---|---|---|
| 001 | 1932153284 | ||
| 003 | DE-627 | ||
| 005 | 20250731032924.0 | ||
| 007 | tu | ||
| 008 | 250731s2010 xx ||||| 00| ||ger c | ||
| 020 | |a 9783941462212 | ||
| 035 | |a (DE-627)1932153284 | ||
| 035 | |a (DE-599)KXP1932153284 | ||
| 040 | |a DE-627 |b ger |c DE-627 |e rda | ||
| 041 | |a ger | ||
| 084 | |a 1 |2 ssgn | ||
| 100 | 1 | |a Magunski, Jan |e VerfasserIn |4 aut | |
| 245 | 1 | 0 | |a Gedeutet |
| 264 | 1 | |c 2010 | |
| 336 | |a Text |b txt |2 rdacontent | ||
| 337 | |a ohne Hilfsmittel zu benutzen |b n |2 rdamedia | ||
| 338 | |a Band |b nc |2 rdacarrier | ||
| 773 | 0 | 8 | |i Enthalten in |t Sondern erlöse uns von dem Bösen |b 1. Aufl. |d Münster : Dialogverl., 2010 |g (2010), Seite 18-21 |h 93 S. |w (DE-627)1603891919 |w (DE-576)325416672 |z 9783941462212 |7 nnam |
| 773 | 1 | 8 | |g year:2010 |g pages:18-21 |
| 776 | |i Erscheint auch als |n Druckausgabe |w (DE-627)1932153462 |k Non-Electronic | ||
| 776 | |i Erscheint auch als |n Druckausgabe |w (DE-627)1932153438 |k Non-Electronic | ||
| 776 | |i Erscheint auch als |n Druckausgabe |w (DE-627)1932153403 |k Non-Electronic | ||
| 776 | |i Erscheint auch als |n Druckausgabe |w (DE-627)1932153373 |k Non-Electronic | ||
| 776 | |i Erscheint auch als |n Druckausgabe |w (DE-627)1932153349 |k Non-Electronic | ||
| 776 | |i Erscheint auch als |n Druckausgabe |w (DE-627)1932153314 |k Non-Electronic | ||
| 935 | |a mteo | ||
| 951 | |a AR | ||
| ELC | |b 1 | ||
| LOK | |0 000 xxxxxcx a22 zn 4500 | ||
| LOK | |0 001 4751003216 | ||
| LOK | |0 003 DE-627 | ||
| LOK | |0 004 1932153284 | ||
| LOK | |0 005 20250731032924 | ||
| LOK | |0 008 250731||||||||||||||||ger||||||| | ||
| LOK | |0 035 |a (DE-Tue135)1603891919_2010_18 | ||
| LOK | |0 040 |a DE-Tue135 |c DE-627 |d DE-Tue135 | ||
| LOK | |0 092 |o n | ||
| LOK | |0 852 |a DE-Tue135 | ||
| LOK | |0 852 1 |9 00 | ||
| LOK | |0 935 |a imwa |a ixau |a ixrk | ||
| LOK | |0 939 |a 31-07-25 |b l01 | ||
| ORI | |a SA-MARC-ixtheoa001.raw | ||